000 002910000a22000970004500
100 1 _aLamp, Jeffrey S.
245 1 0 _aWisdom in Col. 1:15-20 : Contribution and significance
300 _aVol. 41, Num 1 (Marzo, 1998), Páginas 45-54
773 0 _tJournal of the Theological Society
942 _cANA
999 _c54569
_d54569